000
00340nam a2200121Ia 4500
008
151021s9999 xx 000 0 und d
020
_a
9.7800717148e+012
050
_a
TJ 820 .J35 2010
245
_a
_Wind Energy Engineering Pramod
260
_a
London Mc Graw Hill 2010
500
_a
Includes Index
980
_a
^d20120112 02:58:24^okorir
999
_c
8397
_d
8397